|
|
|
|
| LEADER |
01047nkm a2200313 a 4500 |
| 001 |
001279872 |
| 003 |
CZ BrMZK |
| 005 |
20130314102132.0 |
| 007 |
kf co |
| 008 |
130219s2012 xr nnn g kncze |
| 020 |
|
|
|a 978-80-87049-55-6
|q (modrá obálka :
|q váz.)
|
| 020 |
|
|
|a 978-80-87049-56-3
|q (šedá obálka :
|q váz.)
|
| 040 |
|
|
|a BOA001
|b cze
|
| 080 |
|
|
|a 641/642
|2 MRF
|
| 080 |
|
|
|a (083.12)
|2 MRF
|
| 080 |
|
|
|a (059.3)
|2 MRF
|
| 245 |
0 |
0 |
|a Gastronaut
|h [grafika] :
|b diář 2013 /
|c fotografie Shutterstock.com
|
| 246 |
3 |
0 |
|a Diář 2013 - Gastronaut
|
| 250 |
|
|
|a Vyd. 1.
|
| 260 |
|
|
|a Praha :
|b Smart Press,
|c 2012
|
| 300 |
|
|
|a 1 diář ([99] l.) :
|b barev. ;
|c 22 x 16 cm
|
| 650 |
0 |
7 |
|a gastronomie
|7 ph120473
|2 czenas
|
| 655 |
|
7 |
|a kuchařské recepty
|7 fd132687
|2 czenas
|
| 655 |
|
7 |
|a diáře
|7 fd132055
|2 czenas
|
| 710 |
2 |
|
|a Shutterstock (firma)
|7 kn20091005003
|
| 910 |
2 |
|
|a BOA001
|b 2-1301.136
|
| 990 |
|
|
|a GP
|
| 991 |
|
|
|b 201303
|e n
|
| 996 |
6 |
|
|b 2610540884
|c 2-1301.136
|l MZK
|r Sklad / do 1 hodiny
|n 0
|p p.v.
|w 001315571
|u 000010
|a 1
|e BOA001
|j MZK50
|s P
|